The Eras Tour Setlist - Taylor Swift - Statistics

General Stats
  • This quiz has been taken 137 times
    72 since last reset
  • The average score is 41 of 44
Answer Stats
Answer % Correct
Fearless Love Story
100%
Red 22
99%
Lover Cruel Summer
99%
Fearless Fearless
99%
Lover Lover
99%
Lover Miss Americana & the Heartbreak Prince
99%
Speak Now Enchanted
97%
reputation …Ready for It?
97%
Lover The Man
97%
Fearless You Belong With Me
97%
1989 Blank Space
96%
reputation Delicate
96%
Midnights Karma
96%
Midnights Lavender Haze
96%
reputation Look What You Made Me Do
96%
Red All Too Well (10 Minute Version)
94%
Midnights Anti-Hero
94%
folklore/evermore august
94%
reputation Don’t Blame Me
94%
The Tortured Poets Department Fortnight
94%
1989 Shake It Off
94%
1989 Style
94%
Red We Are Never Ever Getting Back Together
94%
Lover You Need to Calm Down
94%
1989 Bad Blood
93%
The Tortured Poets Department I Can Do It With a Broken Heart
93%
Red I Knew You Were Trouble
93%
Midnights Mastermind
93%
Midnights Midnight Rain
93%
The Tortured Poets Department So High School
93%
folklore/evermore willow
93%
folklore/evermore betty
91%
folklore/evermore cardigan
91%
folklore/evermore marjorie
91%
Midnights Vigilante Shit
91%
folklore/evermore champagne problems
90%
The Tortured Poets Department Down Bad
90%
folklore/evermore illicit affairs
90%
The Tortured Poets Department The Smallest Man Who Ever Lived
90%
Midnights Bejeweled
88%
The Tortured Poets Department But Daddy I Love Him
88%
The Tortured Poets Department Who's Afraid of Little Old Me?
88%
1989 Wildest Dreams
88%
folklore/evermore my tears ricochet
87%
No matching quizzes found
Score Distribution
Percent of People with Each Score
Percentile by Number Answered
Your Score History
You have not taken this quiz since the last reset